| 000 | 01588nam a2200337 4500 | ||
|---|---|---|---|
| 001 | 0000023572 | ||
| 003 | CO-CtgCURN | ||
| 005 | 20250331184442.0 | ||
| 007 | ta | ||
| 008 | 160627s2012 000 0 eng d | ||
| 020 | _a9789586539746 | ||
| 040 |
_aCO-CtgCURN _bspa _ccoctgcurn |
||
| 082 | 0 |
_a346.022 _bA779c |
|
| 100 | 1 | _aArrubla Paucar, Jaime Alberto. | |
| 245 | 1 | 0 |
_aContratos mercantiles : _bcontratos tipicos / _cJaime Alberto Arrubla Paucar. |
| 250 | _a13a ed. | ||
| 260 |
_aBogotá : _bLegis, _c2012. |
||
| 300 | _axvii; 533 p. | ||
| 336 | _2rdacontent | ||
| 337 |
_2rdamedia _asin mediacion _bn |
||
| 338 |
_2rdacarrier _avolumen _bnc |
||
| 500 | _aPontificia Universidad Javeriana, Facultad de Ciencias Juridicas - Caratula \ Incluye indice \ Edicion actualizada. | ||
| 504 | _aIncluye indice bibliografico (525-533) | ||
| 505 | 8 | _aEl contrato de suministro -- El contrato de transporte -- El contrato de mandato mercantil -- El contrato de agencia mecantil -- El contrato de comision -- El contrato de preposicion -- El contrato de corretaje -- El contrato estimatorio -- El contrato de cuentas en participacion -- El contrato de arrendamiento de locales comerciales -- El contrato de cuenta corriente mercantil -- El mutuo mercantil | |
| 650 | 1 | 4 |
_aContratos comerciales _zColombia. |
| 908 | _a160627 | ||
| 942 |
_cBK _h346.022 _iA779c _2ddc |
||
| 999 |
_c20085 _d20085 |
||